000 01123nam a2200337 c 4500
001 59814
003 CO-BoRNBP
005 20251106210528.0
007 ta
008 210827s20142016mx a jr 000 0 spa d
020 _a9786072114210
040 _aCO-BoRNBP
_bspa
_erda
_cCO-BoRNBP
041 1 _aspa
_hfre
043 _as-ck---
082 0 4 _a612
_bR69g
_223
100 _aRoyer, Anne
_eaut
_966725
245 1 3 _aEl gran libro del cuerpo humano /
_ctexto Anne Royer ; ilustraciones Julien Akita ; traducción Ana María Peris Moreno.
250 _aPrimera edición
264 1 _aMéxico :
_bLarousse,
_c2016
300 _a94 páginas :
_bilustraciones
336 _atexto
_btxt
_2rdacontent
337 _asin mediación
_bn
_2rdamedia
338 _avolumen
_bnc
_2rdacarrier
521 _aRecomendado para un público mayor de 12 años
650 0 7 _aAnatomía humana
_xEnseñanza
_2lemb
_961148
650 0 7 _aComposición del cuerpo humano
_2lemb
_966726
650 0 7 _aCuerpo humano
_xEnseñanza
_2LEMB
_961149
700 _aAkita, Julien
_eill
_966727
700 _aPeris Moreno, Ana María
_etrl
_966728
942 _2ddc
_cBK
999 _c59814
_d59814